| 000 | 00373cam a2200145ua 4500 | ||
|---|---|---|---|
| 041 |
_aeng _h |
||
| 082 |
_a828.09 _bLAN/PIE |
||
| 100 | _aLangland, William . | ||
| 245 |
_aPers the plowman, Vol 2 / _cWilliam Langland. _hTextual Documents |
||
| 260 |
_aLondon : _bOxford University Press , _c1961. |
||
| 300 | _a484 ; . | ||
| 504 | _a | ||
| 942 | _cBK | ||
| 999 |
_c4983 _d4983 |
||